British Accents by 'attractiveness' - Statistics

General Stats
  • This quiz has been taken 980 times
  • The average score is 8 of 12
Answer Stats
Score Accent % Correct
-30 Cockney
92%
-33 Scouse
85%
-53 Brummie
77%
20 Welsh
77%
5 Northern Irish
76%
-31 Mancunian
74%
10 Geordie
72%
42 Southern Irish
71%
15 Yorkshire
71%
13 West Country
58%
-29 Glaswegian
46%
31 Received Pronunciation
38%
No matching quizzes found
Score Distribution
Percent of People with Each Score
Percentile by Number Answered
Your Score History
You have not taken this quiz